000 00338nam a22001457a 4500
999 _c814
_d814
003 OSt
005 20180914110758.0
008 160624b xxu||||| |||| 00| 0 eng d
040 _c1
100 _91017
_aOke, J
245 _aDrums of Change
260 _aMinnesota
_bBethany House
_c1996
300 _aOn the Trail of a Twin
942 _2ddc
_cBK